Look To Windward - Sleep Token (lyric quiz) - Statistics

General Stats
  • This quiz has been taken 153 times
  • The average score is 370 of 439
Answer Stats
Lyrics % Correct
eclipse
97%
I
97%
in
97%
IN
97%
me?
97%
me
97%
ME?
97%
ME
97%
the
97%
The
97%
this
97%
this?
97%
This
97%
Will
97%
will
97%
you
97%
You
97%
(You
97%
a
94%
halt
94%
of
94%
so
94%
So
94%
to
94%
die
90%
for
90%
my
90%
on
90%
an
87%
as
87%
Just
87%
know
87%
No
87%
and
84%
And
84%
angel
84%
away
84%
blood
84%
demon
84%
drift
84%
got
84%
listen?
84%
Losing
84%
Say
84%
say
84%
starts
84%
up
84%
war
84%
Am
81%
am
81%
at
81%
attrition
81%
enough
81%
garden
81%
god
81%
hear
81%
With
81%
with
81%
break
77%
can
77%
could
77%
diamonds
77%
Even
77%
eyelids
77%
gaps
77%
gardens,
77%
heavy
77%
here
77%
it
77%
I've
77%
pray
77%
silence
77%
Sodom
77%
sound
77%
burn
74%
by
74%
it's
74%
leave
74%
live
74%
over,
74%
over
74%
shadows,
74%
blade
71%
edge
71%
feather,
71%
give
71%
sword
71%
fission
68%
have
68%
I'll
68%
longer
68%
Moving
68%
than
68%
twilight
68%
where
68%
woke
68%
came
65%
Coughing
65%
fall
65%
gods,
65%
Now
65%
reward
65%
right
65%
shoreline
65%
shoulder)
65%
sitting
65%
slow
65%
'til
65%
time
65%
walking
65%
why,
65%
can't
61%
Damn
61%
fate
61%
form
61%
isn't
61%
knows
61%
light-year
61%
like
61%
little
61%
lose
61%
myself
61%
Nobody
61%
Oh,
61%
only
61%
place
61%
stumbling
61%
that
61%
used
61%
well
61%
alone
58%
already
58%
deny
58%
forgotten
58%
from
58%
get
58%
or
58%
same
58%
Everything
55%
fallen
55%
Find
55%
floor?
55%
half
55%
looks
55%
pushing
55%
them
55%
violent
55%
way
55%
wish
55%
earth,
52%
fire
52%
forth,
52%
gates,
52%
How
52%
merely
52%
mind
52%
more
52%
sunder
52%
Until
52%
until
52%
you'll
52%
abyss
48%
burning
48%
cold
48%
stratospheric
48%
there's
48%
bright
45%
faithless,
45%
make
45%
vertigo
45%
bliss
42%
boulders
42%
depths
42%
angels
35%
Drowning
35%
whole
35%
No matching quizzes found
Score Distribution
Percent of People with Each Score
Percentile by Number Answered
Your Score History
You have not taken this quiz